| 000 | 00401 a2200109 4500 | ||
|---|---|---|---|
| 020 | _a013691635X | ||
| 082 | _a624.18341 COL | ||
| 100 | _aCollins, Michael P., | ||
| 245 |
_aPrestressed concrete structures / _cMichael P. Collins, Denis Mitchell. |
||
| 260 |
_aEnglewood Cliffs, N.J. : _bPrentice Hall, _c1991. |
||
| 300 |
_axviii, 766 p. : _bill. ; _c24 cm. + _e1 computer disk (5 1/4 in.) |
||
| 650 | _aPrestressed concrete construction. | ||
| 999 |
_c2246 _d2246 |
||